000 00767nam a22001817a 4500
999 _c62898
_d62898
003 Ge_BSU
005 20250317165137.0
008 250317s1976 ge ||||| |||| 00| 0 geo d
041 _ageo
080 _a618.1(075.8) გ-47
100 _aგიგინეიშვილი, მ.
_91621
245 _aგინეკოლოგია :
_b[სახელმძღვ. სამედიცინო ინ-ტის სტუდენტებისათვის] /
_cმ. გიგინეიშვილი.
264 _aთბილისი :
_bგანათლება,
_c1976.
300 _a371 გვ. :
_bილ. ;
_c 26 სმ.
653 _aგინეკოლოგია
653 _aმედიცინა
942 _2udc
_cᲬᲘᲒᲜᲘ